000 00794nam a22002177a 4500
003 UA-OsUOA
001 40108
007 ta
008 20060713b un ||||| |||| 00| 0 ukr d
100 _aКузьменко Ю.В.
090 _a81
_bК89
942 _cSA
040 _aUA-OsUOA
_bukr
_cUA-OsUOA
_dUA-OsUOA
245 _aВимоги до вправ для флрмування соціокультурної компетенції в учнів основної школи у процесі навчання англійського діалогічного мовлення
300 _aС.6-16
955 _a0
041 _aukr
080 _a81
773 0 _w40105
650 7 _a8 Мовознавство. Художня література. Літературознавство
_2UDC
999 _c326249
_d326249